000
00276nam a2200097Ia 4500
001
722990
005
20250826163322.0
008
250824s9999 xx 000 0 und d
245
0
_a
ESKİ MASKENİN LANETİ VE DİĞER DOSYALAR
_c
SIMON CHESHIRE
260
_b
ALTIN KİTAPLAR YAYINLARI
999
_c
722990
_d
722990